LEADER 00966nam1-2200349---450- 001 990000939590203316 035 $a0093959 035 $aUSA010093959 035 $a(ALEPH)000093959USA01 035 $a0093959 100 $a20020201d1973----km-y0ITAy01------ba 101 $aita 102 $aIT 105 $a00||| 200 1 $aStoria del pensiero occidentale 210 $aMilano$cMarzorati$d1973-1975 215 $a6 v.$d21 cm 606 $aStoria della filosofia 676 $a109 801 0$aIT$bsalbc$gISBD 912 $a990000939590203316 951 $a109 STO$bLM$c109 959 $aBK 969 $aUMA 979 $aPATTY$b90$c20020201$lUSA01$h1713 979 $aPATTY$b90$c20020201$lUSA01$h1714 979 $aPATTY$b90$c20020201$lUSA01$h1724 979 $aPATTY$b90$c20020201$lUSA01$h1724 979 $c20020403$lUSA01$h1737 979 $aPATRY$b90$c20040406$lUSA01$h1705 996 $aStoria del pensiero occidentale$9973588 997 $aUNISA LEADER 01052nam0-22003011i-450- 001 990000083850403321 005 20060216135218.0 035 $a000008385 035 $aFED01000008385 035 $a(Aleph)000008385FED01 035 $a000008385 100 $a20020821d1970----km-y0itay50------ba 101 0 $aita 105 $ay-------001yy 200 1 $aElenco dei testi pił recenti e dei periodici in dotazione alla Biblioteca 210 $aSan Donato Milanese$cStazione sperimentale per i combustibili$d1970 215 $a51 p.$d30 cm 610 0 $aPeriodici$aStazione sperimentale per i combustibili$aBiblioteca 610 0 $aStazione sperimentale per i combustibili$aBiblioteca$aCataloghi 676 $a018.1 710 02$aStazione sperimentale per i combustibili.$bBiblioteca$0424200 801 0$aIT$bUNINA$gRICA$2UNIMARC 901 $aBK 912 $a990000083850403321 952 $a13 U 36 18$b2624$fFINBC 959 $aFINBC 996 $aElenco dei testi pił recenti e dei periodici in dotazione alla Biblioteca$9110004 997 $aUNINA